|
|
|
|
| LEADER |
01163nam a2200265 a 4500 |
| 001 |
011298974 |
| 008 |
090526r20031997enka 001 0 eng d |
| 020 |
|
|
|a 0133569241
|
| 020 |
|
|
|a 8178088924
|
| 040 |
|
|
|a DLC
|c DLC
|d Uk
|
| 082 |
0 |
4 |
|a 620.1
|2 20
|
| 999 |
|
|
|c 7486
|d 7486
|
| 999 |
|
|
|c 7486
|
| 100 |
1 |
|
|a Shames, Irving Herman,
|d 1923-
|9 2269
|
| 245 |
1 |
0 |
|a Engineering mechanics :
|b statics and dynamics /
|c Irving H. Shames.
|
| 250 |
|
|
|a 4th ed.
|
| 260 |
|
|
|a India :
|b Pearson Education ;
|a Upper Saddle River, NJ :
|b Prentice Hall ;
|a London :
|b Prentice Hall,
|c c1997 [reprinted 2003].
|
| 300 |
|
|
|a lxxx, 1024p. :
|b ill. ;
|c 25cm.
|
| 504 |
|
|
|a Includes index.
|
| 541 |
1 |
|
|e 00012903
|
| 650 |
|
0 |
|a Mechanics, Applied.
|9 2270
|
| 852 |
4 |
|
|a Ayesha Abed Library
|j General shelf
|
| 942 |
|
|
|2 ddc
|c BK
|
| 952 |
|
|
|0 0
|1 0
|2 ddc
|4 0
|6 620_100000000000000_SHA
|7 0
|9 8051
|a BRACUL
|b BRACUL
|c GEN
|d 2010-02-13
|l 3
|m 33
|o 620.1 SHA
|p 3010012903
|r 2026-01-31
|s 2025-10-09
|t 1
|w 2010-02-13
|y BK
|x Price not available in Register
|
| 952 |
|
|
|0 0
|1 0
|2 ddc
|4 0
|6 620_100000000000000_SHA
|7 0
|9 22890
|a BRACUL
|b BRACUL
|c GEN
|d 2013-07-10
|l 4
|m 63
|o 620.1 SHA
|p 3010009068
|q 2026-06-02
|r 2026-03-01
|s 2026-03-01
|t 2
|w 2013-07-10
|y BK
|